| 000 | 01474cam a22003857a 4500 | ||
|---|---|---|---|
| 003 | CHAP | ||
| 005 | 20220329133351.0 | ||
| 008 | 971013s1992 r 00010 d | ||
| 010 | _a5517 | ||
| 011 | _a6489 | ||
| 035 | _a5709 | ||
| 040 | _cCHAP | ||
| 090 | _aTesis | ||
| 100 | 0 | 0 |
_aCandelario Rodríguez, David Jesús. _918323 |
| 245 | 1 | 4 | _aLas estrategias ambientales de Petróleos Mexicanos en la Selva Lacandona, estado de Chiapas |
| 260 |
_aChapingo, Méx. : _bEl Autor, _c1992 |
||
| 300 | _ac.a 115 h. | ||
| 500 | _a58-52 | ||
| 502 | _aTesis (Diplomado sobre Protección y Mejoramiento del Ambiente en América Latina) -- UACH. Curso Internacional para Postgraduados sobre Protección y Mejoramiento del Ambiente en América Latina | ||
| 590 |
_aALEPH _b10 _c20130110 _lUCH01 _h1216 |
||
| 590 |
_aBATCH-UPD _b10 _c20130110 _lUCH01 _h0008 |
||
| 590 |
_aBATCH-UPD _b10 _c20130110 _lUCH01 _h1623 |
||
| 590 |
_aBATCH-UPD _b10 _c20130409 _lUCH01 _h1945 |
||
| 590 |
_aBATCH-UPD _b10 _c20130410 _lUCH01 _h1017 |
||
| 590 |
_aBATCH-UPD _b10 _c20130914 _lUCH01 _h0832 |
||
| 590 |
_aCONVERSION _b10 _c20130109 _lUCH01 _h1304 |
||
| 650 | 1 | 4 |
_aMedio ambiente _xContaminación. _974069 |
| 650 | 1 | 4 |
_aPolítica petrolera _xMéxico. _990688 |
| 650 | 1 | 4 |
_aRecursos naturales _xConservación _zChiapas. _995260 |
| 650 | 1 | 4 |
_aSelvas _xChiapas. _9103823 |
| 901 | _aBK | ||
| 942 | _cFOLL | ||
| 949 |
_bBC _cTES _d-15300 _eTS1 _h24964 _i5709 _si |
||
| 949 |
_bBC _cTES _d-75396 _eTS2 _fc.2 _h24965 _i5709 _si |
||
| 999 |
_c5517 _d5517 |
||